000 00550nam a2200181Ia 4500
008 230711s9999||||xx |||||||||||||| ||und||
020 _a978-0-07-047268-6
041 _aENG
082 _a5.43
_bSI-A
100 _aSinghal,Mukesh
245 0 _aAdvanced Concepts in Operating System : Distributed,Database, and Multiprocessor Operating System
250 _a1st Ed.
260 _c2017
_aNew Delhi
_bMcGraw Hill Education(India) Private Limited
300 _a522p.
650 _aComputer Engineering
700 _aShivaratri,Niranjan G
942 _cBK
999 _c6564
_d6564